000 00811cgm a2200265 4500
001 B3205
008 090401t1985 xxu||||| |||| 00| 0 eng d
035 _a(Sirsi) u54711
041 _aeng
050 _a711.1
_c18
100 _aBowhill, A.J.
245 _aPlanning appeals
_h[sound recording]
260 _aLondon
_bRICS
_c1985
300 _a1 audio cassette (ca. 60 min.)
350 _a10
490 _aOwlion Audio Programme
520 _aOutlines the correct procedure for all aspects of a planning appeal.
650 _aPLANNING APPEALS
690 _aENVIRONMENTAL AND LAND CONSULTANCY-PLANNING AND DEVELOPMENT
700 _aGillett, A. H. P.
710 _aCollege of Estate Management
_9400
710 _aRoyal Institution of Chartered Surveyors
_94900
942 _n0
948 _c04/03/1997
999 _c85295
_d85295